000 01881nam a2200349 c 4500
003 BLK
005 20180422113657.0
008 180410b bul|||||r ||||||| ||bul||
010 _aKNG00167066000
040 _aBLK
041 _aBUL
_cBUL
080 _aМеждународни политически отношения. Световна политика. Международна политика. Дипломация
_b327
_x(091)
_z327(091)
080 _aИстория на Европа от 1919 г. Обща история на ХХ в.
_b940.5
_x
_z940.5
700 1 _aМинц, Исаак Израилевич
_eсъстав. на том
_9381592
700 1 _aПотьомкин, Владимир Петрович
_eпод ред. на
_9334657
700 1 _aМакедонов, Асен
_eпрев. на том
_9381593
139 _aИстория на дипломацията
_bИ 95
245 1 0 _aИстория на дипломацията
_bЧ. 1 -
_cсъстав. на том Исаак Израилевич Минц; под ред. на Владимир Петрович Потьомкин; прев. на том Асен Македонов.
_nТ. 3
_pДипломацията през периода на подготовката на Втората световна война (1919-1939 г.)
257 _aSUN
260 София
_bБКП
_c1946 -
300 _c22 см
380 _a3
650 4 _aДипломация - история
_9260492
653 _aдипломатически отношения
653 _aистория
760 1 _h820 с.
_tТ. 3 Дипломацията през периода на подготовката на Втората световна война (1919-1939 г.)
852 _aЦб 9.240.36827
856 4 _qpdf
_u
856 4 _qpdf
_u
942 _cKNG
_n0
944 _aCR
_c10.11.2014
_kГеновева_Генчева
944 _aED
_c10.11.2014
_k
999 _c159867
_d159867